000 00942nam0a22002651 4500
001 rc\4440601
005 20260406170036.0
021 _aRU
_b[65-23791]
035 _a(NLR Aleph) 008581376
090 _a8587267
_c8587268
100 _a20130416d1965 |||y0rusy50 ca
101 0 _arus
102 _aRU
105 _aa z |||||
200 1 _aИностранные языки в туркменской школе
_e[Сборник статей]
_fНауч.-исслед. ин-т школ М-ва нар. образования ТССР
210 _aАшхабад
_cБ. и.
_d1965
215 _a182 с.
_cил.
_d21
606 _aИностранные языки
_xМетодика преподавания
_jСборники
_2psbo
712 0 2 _aНИИ школ
_cАшхабад
_3RU\NLR\AUTH\889937339
_9369468
801 0 _aRU
_bNLR
_gpsbo
801 1 _aRU
_bELAR
_2rusmarc
852 _aNLR
_bОНЛ
942 _cBOOK
980 _aNB